| 000 | 01232nam a22002891i 4500 | ||
|---|---|---|---|
| 003 | EG-ScBUE | ||
| 005 | 20250526094414.0 | ||
| 008 | 200219r20051997ii a f 001 0 eng d | ||
| 020 | _a8121914698 | ||
| 020 | _a9788121914697 | ||
| 040 |
_aEG-ScBUE _beng _erda _cEG-ScBUE _dEG-ScBUE |
||
| 082 | 0 | 4 |
_222 _a530.15 _bDAS |
| 100 | 1 |
_aDass, H. K., _eauthor. |
|
| 245 | 1 | 0 |
_aMathematical physics : _bfor the students of B.Sc. (Honours) and M.Sc. (physics) / _cprof. H. K. Dass., M.Sc., Diploma in Specialist Studies (Maths.), University of Hull (England) ; assisted by Dr. Rama Verma, M.Sc., Ph.D., Mata Sundri College, Delhi University. |
| 250 | _aReprinted with corrections. | ||
| 264 | 1 |
_aRam Nagar, New Delhi : _bS. Chand & Company LTD., _c2005. |
|
| 300 |
_axv, 1134 pages : _billustrations ; _c24 cm |
||
| 336 |
_2rdacontent _atext _btxt |
||
| 337 |
_2rdamedia _aunmediated _bn |
||
| 338 |
_2rdacarrier _avolume _bnc |
||
| 500 | _aIncludes index. | ||
| 586 | _aSecular India award-98 for national integration and communal harmony given by Prime Minister Shri Atal Behari Vajpayee on 12th June 1999. | ||
| 650 | 7 |
_aMathematical physics. _2BUEsh |
|
| 655 | _vReading book | ||
| 700 | 1 |
_aVerma, Rama, _eauthor. |
|
| 942 |
_2ddc _cBB |
||
| 999 |
_c30945 _d30916 |
||